| 000 | 01093cam a2200265 i 4500 | ||
|---|---|---|---|
| 001 | 3972 | ||
| 003 | BD-RjUL | ||
| 005 | 20211208233818.0 | ||
| 008 | 131221s1977 xx b 000 0 eng | ||
| 035 | _a(BD-RjUL)4006 | ||
| 040 |
_aDLC _cDLC _dDLC _dBD-RjUL _beng |
||
| 041 | _aeng | ||
| 082 | 0 | 0 |
_a346.013 _bLAW 1977 |
| 245 | 0 | 0 |
_aLaw and the status of women : _ban international symposium / _cedited by the Columbia human rights law review, Columbia University School of Law. |
| 260 |
_as.l. : _bCentre for Social Development and Humanitarian Affairs, United Nations, _cc1977. |
||
| 300 |
_a371 p. ; _c24 cm. |
||
| 500 | _a"Originally published as pages 1-371 of the Columbia human rights law review, volume 8, number 1." | ||
| 504 | _aIncludes bibliographical references. | ||
| 650 | 0 |
_aWomen _xLegal status, laws, etc. _912650 |
|
| 730 |
_aColumbia human rights law review. _912651 |
||
| 856 | _uhttp://www.worldcat.org/title/law-and-the-status-of-women-an-international-symposium/oclc/4229153&referer=brief_results | ||
| 942 |
_2ddc _cBK |
||
| 999 |
_c3972 _d3972 |
||